Score 0/20 Timer 05:00
7 Plays Today
% Correct
Space Jam
89.9%
Cool Runnings
89.3%
Field Of Dreams
88.6%
Happy Gilmore
87%
A League Of Their Own
86.8%
White Men Can't Jump
86.4%
The Mighty Ducks
84.6%
Blades Of Glory
83.1%
Seabiscuit
82.3%
Moneyball
81.9%
% Correct
The Waterboy
80.3%
Bend It Like Beckham
79.1%
Friday Night Lights
78.5%
Creed
78.3%
The Legend Of Bagger Vance
75.9%
Any Given Sunday
75.3%
Days Of Thunder
74.7%
The Color Of Money
73.1%
Kingpin
70.8%
BASEketball
68.4%
Remove Ads.
Support Sporcle.
Get the best of Sporcle when you Go Orange. This ad-free experience offers more features, more stats, and more fun while also helping to support Sporcle. Thank you for becoming a member.

You're not logged in!

Compare scores with friends on all Sporcle quizzes.
OR
Log In

Show Comments

Extras

Top Quizzes Today


Score Distribution

Your Account Isn't Verified!

In order to create a playlist on Sporcle, you need to verify the email address you used during registration. Go to your Sporcle Settings to finish the process.

Report this User

Report this user for behavior that violates our Community Guidelines.

Details: